| 000 | 00357pab a2200145 454500 | ||
|---|---|---|---|
| 008 | 180718b2005 xxu||||| |||| 00| 0 eng d | ||
| 100 | _aJackson, Rick | ||
| 245 | _aAchieving strategic change in government | ||
| 260 | _c2005 | ||
| 300 | _ap.40-43,50. | ||
| 362 | _aSpring | ||
| 650 | _aPublic administration | ||
| 773 | _aPublic Manager | ||
| 909 | _a66731 | ||
| 999 |
_c66731 _d66731 |
||